| 000 | 00773nam a2200217Ii 4500 | ||
|---|---|---|---|
| 003 | JO-AjNU | ||
| 008 | 230605s9999||||xx |||||||||||||| ||und|| | ||
| 017 | _a1995/2/181 | ||
| 040 |
_aJO-AjNU _bara _erda _cJO-AjNU |
||
| 041 | _aara | ||
| 050 | 1 | 4 | _aPN761.J65 1995 |
| 100 | 3 |
_aجوته،يوهان فولفجانج فون ؛ ترجمة محمد جديد, _eauthor _924263 |
|
| 245 | 0 | 0 | _aالشعر والحقيقة الجزء الثالث |
| 264 | 3 | 1 | _aدمشق: وزارة الثقافة، 1995 |
| 300 | _a471ص | ||
| 336 |
_atext _btxt _2rdacontent |
||
| 337 |
_aunmediated _bn _2rdamedia |
||
| 338 |
_avolume _bnc _2rdacarrier |
||
| 490 | 0 | _aدراسات نقدية عالمية (16) | |
| 650 | 4 |
_aالشعر العربي - ترجمة - تاريخ ونقد _924264 |
|
| 999 |
_aA8907 _c12475 _d12475 |
||